Relationship counselling for children, young people, and families (Record no. 8466)

MARC details
000 -LEADER
fixed length control field 00739nam a22002297a 4500
003 - CONTROL NUMBER IDENTIFIER
control field OSt
005 - DATE AND TIME OF LATEST TRANSACTION
control field 20260220060458.0
008 - FIXED-LENGTH DATA ELEMENTS--GENERAL INFORMATION
fixed length control field 260220b |||||||| |||| 00| 0 eng d
020 ## - INTERNATIONAL STANDARD BOOK NUMBER
International Standard Book Number 9781847875501
040 ## - CATALOGING SOURCE
Original cataloging agency DWCL-Main Lib
Transcribing agency OC
082 ## - DEWEY DECIMAL CLASSIFICATION NUMBER
Classification number Prof. 361.06 G315 2009
100 ## - MAIN ENTRY--PERSONAL NAME
Personal name Geldard, David / Geldard, Kathryn
245 ## - TITLE STATEMENT
Title Relationship counselling for children, young people, and families
260 ## - PUBLICATION, DISTRIBUTION, ETC.
Place of publication, distribution, etc. Los Angeles :
Name of publisher, distributor, etc. Sage,
Date of publication, distribution, etc. c2009.
300 ## - PHYSICAL DESCRIPTION
Extent viii , 262 pages. :
Other physical details illustrations ;
Dimensions 23 cm.
504 ## - BIBLIOGRAPHY, ETC. NOTE
Bibliography, etc. note 1. Includes bibliographical references.
650 ## - SUBJECT ADDED ENTRY--TOPICAL TERM
Topical term or geographic name entry element Counseling - Family.
650 ## - SUBJECT ADDED ENTRY--TOPICAL TERM
Topical term or geographic name entry element Counseling - Methods.
650 ## - SUBJECT ADDED ENTRY--TOPICAL TERM
Topical term or geographic name entry element Family - Relations.
650 ## - SUBJECT ADDED ENTRY--TOPICAL TERM
Topical term or geographic name entry element Teenagers - Treatment.
942 ## - ADDED ENTRY ELEMENTS (KOHA)
Source of classification or shelving scheme Dewey Decimal Classification
Koha item type Professional Collections
Call number suffix Prof.
Suppress in OPAC No
952 ## - LOCATION AND ITEM INFORMATION (KOHA)
--
Holdings
Withdrawn status Lost status Source of classification or shelving scheme Damaged status Not for loan Home library Current library Shelving location Date acquired Source of acquisition Total Checkouts Full call number Barcode Date last seen Copy number Price effective from Koha item type Uniform Resource Identifier
    Dewey Decimal Classification     Junior High School Library Junior High School Library Professional 07/01/2010 Library fund   Prof. 9781847875501 JHS - 15649 02/20/2026 c1 02/20/2026 PROF.